[Event "BL 2016-17"]
[Site "Germany"]
[Date "2017.02.18"]
[Round "7"]
[White "Hoffmeyer, Falk"]
[Black "Markgraf, Alexander"]
[Result "0-1"]
[WhiteElo "2353"]
[BlackElo "2509"]
[Annotator "TA"]
[PlyCount "108"]
[EventDate "2017.??.??"]
[EventType "team-tourn"]
[EventCountry "GER"]
[SourceTitle "playchess.com"]
[Source "ChessBase"]
[SourceQuality "1"]
[WhiteTeam "Zugzwang München"]
[BlackTeam "Werder Bremen"]

{[%evp 12,108,18,21,36,15,31,32,41,35,32,19,66,66,69,83,124,118,149,138,375,108,117,58,52,14,18,0,43,0,0,0,25,-35,1,11,14,8,50,-29,22,12,95,100,245,240,239,239,220,214,295,293,309,302,297,311,291,283,374,373,404,404,363,370,416,330,346,0,0,0,0,-269,-259,-326,-130,-154,-98,-179,-157,-225,0,0,0,0,0,0,0,0,0,-5297,-5265,-29988,-29989,-29989,-29990,-29990,-29991,-29991,-29992]} 1. d4 f5 2. Nc3 Nf6 3. Bg5 {??.} d5 4. f3 e6 5. e4 Be7 6. exf5 exf5 7. Bd3 O-O 8. Nge2 c6 9. Qd2 b5 10. Ng3 Ne8 11. h4 h6 (11... Na6 $11 {feels stronger.}) 12. Bxe7 $14 Qxe7+ 13. Nce2 Nd6 14. O-O-O $1 Nd7 {[%cal Bb8d7,Bd7f8,Bf8h7,Bh7g5][%mdl 32]} 15. Nf4 Qf6 $2 (15... Qf7 $16 {keeps fighting.}) 16. Qf2 $2 (16. Ngh5 $18 {is more deadly.} Qf7 17. Qb4) 16... Qf7 $16 17. Rdf1 (17. Rde1 $16) 17... Re8 $14 18. h5 Nf8 19. Nge2 Bd7 20. Rfg1 a5 21. Qh4 Re3 22. g4 (22. Nc3 $11) 22... Nh7 {Strongly threatening ...Ng5.} (22... Rxf3 23. g5 hxg5 24. Qxg5 $16) 23. Ng6 $1 Ng5 24. Rf1 {With the idea Ne5.} Nc4 25. Bxc4 (25. f4 $1 $14 Nf3 26. Qf2) 25... dxc4 (25... bxc4 $142 26. Ne5 Qe7) 26. Ne5 $36 {[%mdl 2048] Black is under pressure.} Qd5 (26... Rxe5 $1 $11 {keeps the balance.} 27. dxe5 c3) 27. Qf2 $16 f4 (27... Rxe5 $16 28. dxe5 fxg4) 28. Nxf4 $18 Qxd4 29. Ng2 Qxe5 30. Qxe3 (30. Nxe3 $6 Qc5 $16) 30... Qf6 31. Rd1 Be6 32. f4 {[%cal Bf3f4,Bf4f5][%mdl 32]} Nf7 33. f5 Bd5 34. Rhg1 b4 35. Nf4 c3 36. Nxd5 cxd5 (36... cxb2+ $5 37. Kb1 $8 cxd5 $18) 37. Rxd5 a4 38. Qd4 b3 39. Qxc3 $2 ({White should try} 39. bxc3 $18 Qe7 40. Kb2 (40. cxb3 $2 axb3 41. axb3 Ra2 $19)) 39... bxa2 $11 40. Kd2 $1 {Threatens to win with Qxf6.} Qh4 41. Qe3 $2 {[%mdl 8192]} (41. Ra1 $1 $11) 41... Rc8 $19 {Hoping for ...Qh2+.} 42. Qf4 Qf6 $2 (42... Qh3 $19 {has better winning chances.} 43. Rd3 {[#]} a1=Q $1 {[%mdl 512]} 44. Rxa1 Qg2+ 45. Ke1 Rxc2) 43. Qd4 $17 {Qxf6 is the strong threat.} ({Wrong is} 43. Qxa4 $2 Qxb2 44. Rf1 Qb1 $19) 43... Qc6 {[%mdl 1024] Black has strong compensation.} 44. c4 {Threatening Ra1.} Qc7 ({Don't go for} 44... Qxc4 $2 45. Qxc4 Rxc4 46. Ra1 $18) 45. Ra1 {[#]} (45. f6 $17) 45... Ng5 $2 (45... Re8 $1 $19 46. Rxa2 Qh2+ 47. Kc3 Qg3+ 48. Qd3 Re3 49. Rxa4 Qe1+ 50. Kc2 Rxd3 51. Rxd3 Qe4) 46. Kc2 Nf3 (46... Qh2+ $5 47. Kd3 $8 Qg3+ 48. Qe3 Qxg4 $15) 47. Qe4 Qh2+ 48. Kc3 $1 Rb8 $1 {[%csl Ga4][%cal Rb8b3]} 49. b4 $1 axb3 {[%cal Ba4b3,Bb3b2][%mdl 32]} (49... a3 $5 50. Qc2 $8 Qg3 $11) 50. Rad1 $2 {[%mdl 8192]} (50. f6 $11 Ng5 51. Qg6) 50... Ng5 $19 51. Rd8+ Kh7 {Black mates.} 52. Qd3 Rxd8 53. Qxd8 Qc2+ 54. Kb4 b2 0-1

[Event "BL 2016-17"]
[Site "St. Veit/Glan"]
[Date "2017.03.25"]
[Round "7"]
[White "Repkova, Eva"]
[Black "Deglmann, Ludwig"]
[Result "0-1"]
[WhiteElo "2328"]
[BlackElo "2300"]
[Annotator "NA"]
[PlyCount "94"]
[EventDate "2017.??.??"]
[EventType "team-tourn"]
[EventCountry "AUT"]
[SourceTitle "playchess.com"]
[Source "ChessBase"]
[SourceQuality "1"]
[WhiteTeam "Bregenz"]
[BlackTeam "Absam"]
[TimeControl "40/5400+30:1800+30"]

1. e4 {[%emt 0:00:00]} e6 {[%emt 0:00:18]} 2. b3 {[%emt 0:00:00]} d5 {[%emt 0:00:07]} 3. Bb2 {[%emt 0:00:00]} dxe4 {[%emt 0:00:33]} 4. Nc3 {[%emt 0:00:00]} Nf6 {[%emt 0:00:06]} 5. Qe2 {[%emt 0:00:00]} Be7 {[%emt 0:01:22]} 6. O-O-O {[%emt 0:00:32]} a5 {[%emt 0:08:40]} 7. a4 {[%emt 0:00:06]} O-O {[%emt 0:01:38]} 8. Nxe4 {[%emt 0:00:19]} b6 {[%emt 0:03:11]} 9. Qf3 {[%emt 0:03:29]} Nxe4 {[%emt 0:06:21]} 10. Qxe4 {[%emt 0:00:05]} Qd5 {[%emt 0:10:13]} 11. Qg4 {[%emt 0:00:21]} e5 {[%emt 0:01:27]} 12. Qh5 {[%emt 0:11:41]} Nc6 {[%emt 0:06:39]} 13. d4 {[%emt 0:13:43]} Qe4 {[%emt 0:15:10]} 14. Bd3 {[%emt 0:00:06]} Qf4+ {[%emt 0:00:05]} 15. Kb1 {[%emt 0:00:04]} g6 {[%emt 0:00:15]} 16. Qe2 {[%emt 0:03:26]} Nxd4 {[%emt 0:17:08]} 17. Bxd4 {[%emt 0:00:13]} Qxd4 {[%emt 0:00:09]} 18. Be4 {[%emt 0:00:02]} Qb4 {[%emt 0:01:34]} 19. Bxa8 {[%emt 0:01:04]} Bf5 {[%emt 0:00:15]} 20. Bd5 {[%emt 0:00:37]} c6 {[%emt 0:05:29]} 21. g4 {[%emt 0:01:08]} Bxg4 {[%emt 0:01:53]} 22. Bf3 {[%emt 0:00:04]} Bf5 {[%emt 0:00:42]} 23. Qc4 {[%emt 0:00:07]} Qa3 {[%emt 0:01:29]} 24. Ne2 {[%emt 0:03:17]} b5 {[%emt 0:03:03]} 25. Qc3 {[%emt 0:01:53]} bxa4 {[%emt 0:00:51]} 26. b4 {[%emt 0:01:51]} axb4 {[%emt 0:04:43]} 27. Qxa3 {[%emt 0:00:09]} bxa3 {[%emt 0:00:07]} 28. Nc3 {[%emt 0:05:58]} Rb8+ {[%emt 0:01:32]} 29. Ka1 {[%emt 0:00:27]} Bxc2 {[%emt 0:03:43]} 30. Rd7 {[%emt 0:03:23]} Bc5 {[%emt 0:01:00]} 31. Rc1 {[%emt 0:05:07]} Bf5 {[%emt 0:01:32]} 32. Rc7 {[%emt 0:00:02]} Bd4 {[%emt 0:02:26]} 33. Bxc6 {[%emt 0:03:46]} Be6 {[%emt 0:00:22]} 34. Be4 {[%emt 0:03:56]} Rb2 {[%emt 0:01:00]} 35. Rc2 {[%emt 0:20:26]} Rb3 {[%emt 0:00:07]} 36. f3 {[%emt 0:05:50]} Kg7 {[%emt 0:00:16]} 37. h4 {[%emt 0:00:40]} h5 {[%emt 0:00:06]} 38. Rc1 {[%emt 0:01:56]} Rb2 {[%emt 0:00:06]} 39. Bb1 {[%emt 0:03:27]} Rh2 {[%emt 0:00:29]} 40. Rc6 {[%emt 0:00:00]} Bb3 {[%emt 0:00:44]} 41. Bd3 {[%emt 0:10:14]} Rxh4 {[%emt 0:05:24]} 42. Kb1 {[%emt 0:00:45]} Rh2 {[%emt 0:02:59]} 43. Bc2 {[%emt 0:00:03]} h4 {[%emt 0:00:42]} 44. Na2 {[%emt 0:00:25]} h3 {[%emt 0:00:33]} 45. Nb4 {[%emt 0:00:16]} Rg2 {[%emt 0:01:33]} 46. f4 {[%emt 0:00:17]} h2 {[%emt 0:00:33]} 47. fxe5 {[%emt 0:00:14]} Bg1 {[%emt 0:03:09]} 0-1

[Event "BL 2016-17"]
[Site "Germany"]
[Date "2017.02.18"]
[Round "7"]
[White "Sarbok, Torsten"]
[Black "Braun, Arik"]
[Result "0-1"]
[WhiteElo "2318"]
[BlackElo "2586"]
[Annotator "TA"]
[PlyCount "108"]
[EventDate "2017.??.??"]
[EventType "team-tourn"]
[EventCountry "GER"]
[SourceTitle "playchess.com"]
[Source "ChessBase"]
[SourceQuality "1"]
[WhiteTeam "König Tegel"]
[BlackTeam "Hockenheim"]

{[%evp 12,108,-36,-41,-41,-43,-40,-38,-35,-35,-35,-42,-30,-39,-32,-58,-27,-52,-54,-44,-11,-39,-28,-67,-67,-68,-70,-101,-103,-103,-96,-100,-91,-121,-93,-128,-107,-125,-90,-101,-91,-92,-88,-116,-77,-143,-141,-337,-234,-253,-243,-255,-252,-244,-219,-216,-226,-215,-225,-262,-255,-244,-157,-154,-155,-153,-167,-142,-156,-380,-270,-376,-364,-432,-443,-450,-448,-446,-451,-448,-441,-440,-438,-432,-426,-417,-407,-1537,-1186,-1256,-1089,-3078,-3026,-3040,-1024,-3350,-1087,-560,-556]} 1. e4 c5 2. Nf3 e6 3. b3 {??.} b6 4. Bb2 Bb7 5. Nc3 Nc6 6. d3 Nf6 7. Be2 d5 8. O-O Be7 9. exd5 Nxd5 10. Nxd5 Qxd5 11. Ne1 Bf6 12. Bf3 Qd7 13. Rb1 O-O-O 14. a3 Bxb2 15. Rxb2 Qd4 16. Qc1 Qc3 $36 {[%mdl 2048] Black fights for an advantage.} 17. Qa1 Nd4 18. Bxb7+ Kxb7 19. Rb1 Qxa1 20. Rxa1 g5 {[%cal Bg7g5,Bg5g4][%mdl 32]} 21. f3 h5 22. Kf2 f5 23. Ke3 e5 24. Kd2 g4 25. Rb1 f4 26. c3 Nf5 27. Nc2 Rhg8 28. fxg4 (28. Rbe1 $142) 28... Rxg4 $17 29. g3 $2 (29. Ne1 $17) 29... e4 30. d4 cxd4 31. Rxf4 Rxf4 32. gxf4 {[#]} dxc3+ $1 33. Kxc3 $19 {[%mdl 4096] Endgame KRN-KRN} Rd3+ 34. Kb2 Rd2 35. Kc3 Rxh2 36. Re1 Rh3+ 37. Kc4 h4 {[%cal Bh5h4,Bh4h3][%mdl 32]} 38. Kd5 Rxb3 {...h3 is the strong threat.} 39. Kxe4 Ng3+ 40. Kd5 $2 (40. Kd4 $17) 40... Rd3+ 41. Nd4 h3 42. Re7+ Ka6 {[#] Strongly threatening ...Rxd4+.} 43. Rh7 Ne2 44. Ke4 Rxd4+ 45. Ke3 Rxf4 46. Kxe2 {KR-KR} Kb5 47. Rxh3 Ka4 48. Kd2 Rc4 49. Rg3 (49. Rh7 $142 a5 50. Rh6) 49... b5 {Black is clearly winning.} 50. Rh3 a5 {[%cal Ba7a5,Ba5b4,Bb4b3][%mdl 32]} 51. Rg3 b4 52. axb4 axb4 53. Rh3 b3 54. Rh8 Ka3 0-1

[Event "BL 2016-17"]
[Site "St. Veit/Glan"]
[Date "2017.03.25"]
[Round "7"]
[White "Tuncer, Ufuk"]
[Black "Rotstein, Arkadij"]
[Result "0-1"]
[WhiteElo "2317"]
[BlackElo "2502"]
[Annotator "TA"]
[PlyCount "60"]
[EventDate "2017.??.??"]
[EventType "team-tourn"]
[EventCountry "AUT"]
[SourceTitle "playchess.com"]
[Source "ChessBase"]
[SourceQuality "1"]
[WhiteTeam "Bregenz"]
[BlackTeam "Absam"]

{[%evp 20,60,0,0,0,-35,6,-27,-9,-30,-30,-25,18,0,0,0,0,-38,-34,-47,-48,-47,-41,-53,-61,-56,-55,-57,-39,-45,-50,-52,-27,-137,-181,-355,-339,-339,0,-769,-756,-1695,-1667]} 1. e4 g6 2. d4 Bg7 3. Nc3 c6 4. f4 d5 5. e5 Nh6 6. Be2 O-O 7. Nf3 Bg4 8. Be3 f6 9. Qd2 Nd7 10. O-O Nf5 11. Bf2 Bh6 {B15: Caro-Kann: 3 Nc3: 3...g6 and 3...dxe4 4 Nxe4 Nf6 5 Nxf6+ exf6} 12. Rfe1 (12. Rae1 Bxf3 13. Bxf3 fxe5 14. dxe5 e6 15. Bg4 Qe7 16. Bh3 Rf7 17. g4 Nh4 18. Bg3 Raf8 19. Kh1 {1-0 (35) Kamsky,G (2735)-Shirov,A (2690) Monte Carlo 1996}) 12... e6 $146 (12... Bxf3 13. Bxf3 fxe5 14. dxe5 e6 15. g3 g5 16. g4 Ne7 17. f5 exf5 18. gxf5 Rxf5 19. Bg4 Nxe5 20. Rxe5 Rxe5 {0-1 (32) Ognean,M (2037)-Balla,T (2338) Arad 2016}) 13. exf6 Bxf3 {[#]Black has an edge.} 14. f7+ $1 {[%mdl 512]} ({Don't choose} 14. gxf3 $2 Nxf6 15. Bf1 Nh5 $19) 14... Rxf7 {White must now prevent ...Bxe2.} 15. Bxf3 Qc7 16. g3 e5 17. dxe5 Nxe5 18. Bg2 ({Don't play} 18. Rxe5 Qxe5 19. Rd1 Qf6 20. Nxd5 Qxb2 $17) 18... Nc4 19. Qc1 Bg7 20. Nd1 Re7 21. Rxe7 Qxe7 22. c3 $1 Re8 $36 {[%mdl 2048] Black has the initiative.} 23. Bf1 b5 {[%cal Bb7b5,Bb5b4,Bb4b3][%mdl 32]} 24. a4 {With the idea axb5.} b4 25. a5 b3 26. Ra4 {[#]} (26. a6 $11) 26... Qe4 $1 $17 27. a6 $2 (27. Ra1 a6 28. Bb6) 27... Qc2 $19 28. Ra1 Re7 $2 (28... Nd2 $19 {And now ...Re1! would win.} 29. Bg2 Re2) 29. Bc5 $2 {[%mdl 8192]} (29. Bxc4 $11 dxc4 30. g4) 29... Re1 {aiming for ...Bd4+!} 30. Bf2 Nd2 0-1

[Event "BL 2016-17"]
[Site "St. Veit/Glan"]
[Date "2017.03.25"]
[Round "7"]
[White "Hebesberger, Thomas"]
[Black "Kuntner, Reinhard"]
[Result "1/2-1/2"]
[WhiteElo "2299"]
[BlackElo "2021"]
[Annotator "NA"]
[PlyCount "81"]
[EventDate "2017.??.??"]
[EventType "team-tourn"]
[EventCountry "AUT"]
[SourceTitle "playchess.com"]
[Source "ChessBase"]
[SourceQuality "1"]
[WhiteTeam "St. Veit"]
[BlackTeam "Nickelsdorf"]
[TimeControl "40/5400+30:1800+30"]

1. Nf3 {[%emt 0:00:00]} c5 {[%emt 0:00:12]} 2. e3 {[%emt 0:00:02]} e6 {[%emt 0:00:59]} 3. b3 {[%emt 0:00:29]} Nf6 {[%emt 0:00:14]} 4. Bb2 {[%emt 0:00:10]} Be7 {[%emt 0:00:58]} 5. c4 {[%emt 0:00:42]} O-O {[%emt 0:01:12]} 6. g3 {[%emt 0:01:01]} Nc6 {[%emt 0:00:44]} 7. Bg2 {[%emt 0:00:05]} d5 {[%emt 0:02:43]} 8. O-O {[%emt 0:00:48]} d4 {[%emt 0:10:39]} 9. exd4 {[%emt 0:00:14]} cxd4 {[%emt 0:00:02]} 10. Re1 {[%emt 0:00:08]} Ne8 {[%emt 0:05:20]} 11. Ne5 {[%emt 0:04:38]} Nxe5 {[%emt 0:02:24]} 12. Rxe5 {[%emt 0:00:01]} f6 {[%emt 0:00:51]} 13. Re1 {[%emt 0:00:26]} Nc7 {[%emt 0:03:34]} 14. d3 {[%emt 0:04:01]} Rb8 {[%emt 0:09:17]} 15. Ba3 {[%emt 0:16:05]} Bxa3 {[%emt 0:07:29]} 16. Nxa3 {[%emt 0:00:08]} Qd6 {[%emt 0:00:10]} 17. Qc1 {[%emt 0:06:50]} b6 {[%emt 0:04:44]} 18. Nc2 {[%emt 0:01:09]} Na6 {[%emt 0:11:21]} 19. Qb2 {[%emt 0:07:05]} e5 {[%emt 0:03:14]} 20. b4 {[%emt 0:05:06]} Bf5 {[%emt 0:04:30]} 21. Red1 {[%emt 0:04:45]} Nc7 {[%emt 0:06:20]} 22. Rac1 {[%emt 0:04:32]} Bg6 {[%emt 0:02:27]} 23. a3 {[%emt 0:04:07]} Kh8 {[%emt 0:00:32]} 24. Ne1 {[%emt 0:02:33]} Ne6 {[%emt 0:04:56]} 25. Nf3 {[%emt 0:06:31]} h6 {[%emt 0:10:22]} 26. Qe2 {[%emt 0:04:32]} Bh7 {[%emt 0:00:56]} 27. Re1 {[%emt 0:04:39]} Rbe8 {[%emt 0:00:19]} 28. Nd2 {[%emt 0:00:33]} Qc7 {[%emt 0:03:04]} 29. Nb3 {[%emt 0:09:23]} Qb8 {[%emt 0:00:32]} 30. Bh3 {[%emt 0:02:44]} Ng5 {[%emt 0:00:35]} 31. Bg2 {[%emt 0:00:24]} Ne6 {[%emt 0:00:37]} 32. Be4 {[%emt 0:01:28]} Bxe4 {[%emt 0:00:52]} 33. Qxe4 {[%emt 0:00:17]} Ng5 {[%emt 0:00:15]} 34. Qg2 {[%emt 0:00:15]} f5 {[%emt 0:00:29]} 35. h4 {[%emt 0:00:38]} Nh7 {[%emt 0:01:03]} 36. c5 {[%emt 0:00:48]} f4 {[%emt 0:01:26]} 37. c6 {[%emt 0:03:28]} Qc8 {[%emt 0:00:37]} 38. Nd2 {[%emt 0:00:59]} Rf6 {[%emt 0:01:49]} 39. c7 {[%emt 0:01:33]} Rf7 {[%emt 0:01:10]} 40. Qc6 {[%emt 0:00:00]} Ref8 {[%emt 0:00:38]} 41. Ne4 {[%emt 0:03:44]} 1/2-1/2

[Event "BL 2016-17"]
[Site "St. Veit/Glan"]
[Date "2017.03.25"]
[Round "7"]
[White "Heimberger, Reinhard"]
[Black "Skoberne, Jure"]
[Result "1/2-1/2"]
[WhiteElo "2285"]
[BlackElo "2555"]
[Annotator "TA"]
[PlyCount "87"]
[EventDate "2017.??.??"]
[EventType "team-tourn"]
[EventCountry "AUT"]
[SourceTitle "playchess.com"]
[Source "ChessBase"]
[SourceQuality "1"]
[WhiteTeam "St. Valentin"]
[BlackTeam "Feffernitz"]

{[%evp 24,87,10,6,38,12,19,17,25,19,13,0,0,0,0,0,0,-4,0,0,0,-1,0,-1,0,-1,-1,-1,-1,-1,-1,-16,-16,-16,-23,-12,0,0,0,0,0,0,0,0,0,-19,-16,-16,0,0,0,0,0,0,0,0,0,-17,0,0,0,0,0,0,0,0]} 1. d4 Nf6 2. g3 g6 3. Bg2 Bg7 4. e4 d6 5. Ne2 O-O 6. O-O e5 7. Nbc3 Nc6 8. h3 exd4 9. Nxd4 Bd7 10. Be3 Re8 11. Re1 a6 12. Nxc6 Bxc6 {B07: Pirc Defence: Miscellaneous Systems} 13. Bd4 {LiveBook: 12 Games} Re7 $146 (13... Qd7 14. Qd3 Re7 15. Re3 Rae8 16. Rae1 {½-½ (16) Khairullin,I (2538)-Korotylev,A (2613) Tomsk 2006}) 14. Qf3 Nd7 15. Bxg7 Kxg7 16. Nd5 Bxd5 17. exd5 Rxe1+ 18. Rxe1 Qf6 (18... Nc5 $5 {with more complications.} 19. Qg4 Qf6 20. b3 h5 21. Qc4 Rd8) 19. Qxf6+ Kxf6 $11 {[%mdl 4096] Endgame KRB-KRN} 20. f4 h6 21. h4 h5 22. Re3 a5 {[%cal Ba6a5,Ba5b4][%mdl 32]} 23. b3 b5 24. a3 Nb6 25. Rc3 Ra7 26. Kf2 b4 27. axb4 axb4 28. Rd3 Ra2 29. Rd2 Nd7 {The position is equal.} 30. Ke3 Nc5 31. Re2 Rb2 32. Rd2 Rb1 33. Ke2 Rc1 34. Kf2 Ke7 35. Re2+ Kd8 36. Ke3 Rd1 37. Rd2 Re1+ 38. Re2 Rd1 39. Rd2 Rg1 40. Kd4 Re1 41. Bf3 Rf1 42. Bg2 Re1 43. Bf3 Rf1 44. Bg2 1/2-1/2

[Event "BL 2016-17"]
[Site "St. Veit/Glan"]
[Date "2017.03.25"]
[Round "7"]
[White "Sandhoefner, Florian"]
[Black "Lenic, Luka"]
[Result "0-1"]
[WhiteElo "2255"]
[BlackElo "2640"]
[Annotator "TA"]
[PlyCount "184"]
[EventDate "2017.??.??"]
[EventType "team-tourn"]
[EventCountry "AUT"]
[SourceTitle "playchess.com"]
[Source "ChessBase"]
[SourceQuality "1"]
[WhiteTeam "St. Valentin"]
[BlackTeam "Feffernitz"]

{[%evp 19,184,28,29,20,21,30,47,19,16,17,27,16,106,41,43,29,47,18,24,40,45,-9,0,0,17,-16,0,0,0,0,14,-9,-14,-15,-29,-107,-109,-154,-155,-147,-151,-199,-196,-168,-131,-103,-99,-141,-157,-134,-136,-150,-147,-171,-171,-158,-52,-50,-48,-45,-35,-35,-35,-45,-30,-54,-54,-53,-53,-63,-64,-65,-61,-70,-68,-73,-62,-76,-57,-72,-75,-75,-37,-69,-29,-69,-48,-57,0,-77,-74,-77,-77,-83,-46,-58,-44,-49,-45,-72,-54,-76,-75,-80,-53,-139,-118,-123,-125,-113,-123,-93,-103,-106,-74,-65,-86,-181,-177,-179,-170,-178,-177,-182,-174,-170,0,-151,0,-156,-48,-152,-138,-272,-263,-233,-199,-272,-250,-299,-264,-241,-221,-397,-376,-419,-414,-726,-604,-1183,-1073,-1721,-1724,-29980,-29981,-29981,-29982,-29982,-29983,-29983,-29984,-29984,-29985,-29985,-29986,-29985,-29986]} 1. d4 Nf6 2. c4 e6 3. Nc3 Bb4 4. Qc2 O-O 5. a3 Bxc3+ 6. Qxc3 b6 7. Bg5 c5 8. dxc5 bxc5 9. e3 Bb7 10. f3 a5 11. Bd3 {E32: Nimzo-Indian: Classical (4 Qc2): 4...0-0} Nc6 12. Ne2 d6 13. O-O {White is slightly better.} Ne5 14. Rad1 h6 (14... Nxd3 15. Rxd3 (15. Qxd3 h6 16. Bh4 d5 $11) 15... d5 16. Rd2 $16) 15. Bh4 Qe7 $146 (15... Ba6 $11) (15... Rb8 16. Bb1 Ba6 17. Ba2 Ng6 18. Bg3 e5 {½-½ (61) Matveeva,S (2478)-Peptan,C (2485) Budva 2003}) 16. Bb1 ({White should try} 16. f4 $1 $16 {[%cal Rf4e5]} Nxd3 17. Rxd3 (17. Qxd3 Rfd8 $11)) 16... Rfd8 $14 17. Rd2 Ng6 18. Bf2 a4 19. Rfd1 Bc6 20. e4 (20. Bg3 $14 e5 21. Qc2) 20... Rd7 21. Qc2 Ne5 {[%cal Bg6e5,Be5c6,Bc6d4][%mdl 32]} 22. Ba2 Ne8 23. Nc3 Rb7 24. Bg3 Bd7 25. f4 Nc6 26. Nb5 e5 27. fxe5 (27. Nxd6 $2 Nxd6 28. Rxd6 Nd4 29. R6xd4 exd4 $19) (27. Nc3 $11) 27... dxe5 $17 28. Nc3 Nd4 29. Nd5 Qg5 30. Qc3 Bg4 31. Re1 Nc7 {[%cal Be8c7,Bc7e6,Be6f4][%mdl 32]} 32. Qe3 Nce6 33. Nc3 Qxe3+ $1 34. Rxe3 f6 $1 35. Be1 Bh5 36. Rf2 Nf4 37. Kf1 Be8 (37... Rab8 $17 38. Nxa4 Be2+ 39. Rexe2 Nfxe2) 38. Nd5 $15 Nfe6 39. Bc3 Nc6 40. Bb1 Ned4 41. Bd3 Kf7 {[%cal Bg8f7,Bf7e6,Be6d6][%mdl 32]} 42. Ke1 Bd7 43. Kd2 h5 {[%cal Bh6h5,Bh5h4][%mdl 32]} 44. Kc1 h4 45. Kb1 Rh8 46. Re1 Ke6 47. Ka2 Kd6 48. Ref1 Be6 49. Bd2 Rhb8 50. Bc3 Ne7 51. Re1 Rh8 52. Ne3 Rb3 53. Nd5 Rb7 (53... h3 $15) 54. Ka1 (54. Ne3 $1 $11 {remains equal.}) 54... Ng8 $17 55. Ka2 Nh6 56. h3 Ng8 57. Bc2 Bd7 58. Bd1 Bc6 (58... Ne7 $6 59. Bxd4 cxd4 60. c5+ $1 {[%mdl 512]} Ke6 61. Nb6 $14) 59. Bd2 Ne7 60. Nc3 Ra7 61. Nd5 Nxd5 ({Of course not} 61... Bxd5 62. cxd5 (62. exd5 Nef5 $11) 62... Rb8 63. Bc3 $11) 62. exd5 ({White has to play} 62. cxd5 $15 Bb5 63. Ka1) 62... Bd7 63. Bc3 Bc8 {Threatens to win with ...Ba6.} 64. Bc2 Nxc2 65. Rxc2 Bf5 66. Rd2 Rb7 67. Re3 Rh5 68. Rde2 (68. Rf2 $17) 68... Rb3 $1 $19 69. Ka1 Rg5 70. Ka2 Bg6 71. Rf2 Bh7 72. Ka1 Bg6 73. Ka2 $1 Bf5 $2 (73... Rf5 $17 74. Rxf5 Bxf5) 74. Ka1 $2 ({Only move:} 74. Rfe2 $1 $11) 74... Bc8 (74... Bh7 $1 $17 75. Ka2 Rf5 76. Rxf5 Bxf5) 75. Re4 ({White should play} 75. Kb1 $1 $15) 75... Rh5 $1 $17 ({Resist} 75... Rf5 76. Rxf5 Bxf5 77. Rxh4 $15) 76. Ka2 {[#]} (76. Re1 $17 {keeps fighting.}) 76... Rxc3 $1 $19 77. bxc3 {[%mdl 4096] Endgame [#] KRR-KRB} f5 $1 {[%cal Rf5e4]} 78. Re1 (78. Ree2 {was worth a try.} Ba6 79. Rb2 Bxc4+ 80. Ka1) 78... Ba6 79. Rb2 Bxc4+ 80. Ka1 Rg5 ({Inferior is} 80... Bxd5 81. Rd2 Ke6 82. Red1 $11) 81. Rb6+ $2 (81. Rd1 {was necessary.} Bb3 82. Rf1) 81... Kxd5 82. Rd1+ Ke4 83. Rd2 (83. Rb2 $142 f4 84. Rdd2) 83... Ke3 84. Rdb2 e4 {[%cal Be5e4,Be4f3,Bf3f2][%mdl 32]} 85. Rb8 f4 86. Rh8 f3 {Black mates.} 87. gxf3 Rg1+ 88. Rb1 Rxb1+ 89. Kxb1 exf3 90. Re8+ Kf4 91. Rf8+ Kg3 92. Kc2 f2 0-1

[Event "BL 2016-17"]
[Site "Germany"]
[Date "2017.02.18"]
[Round "7"]
[White "Dirr, Ulrich"]
[Black "Koop, Thorben"]
[Result "0-1"]
[WhiteElo "2250"]
[BlackElo "2400"]
[Annotator "TA"]
[PlyCount "96"]
[EventDate "2017.??.??"]
[EventType "team-tourn"]
[EventCountry "GER"]
[SourceTitle "playchess.com"]
[Source "ChessBase"]
[SourceQuality "1"]
[WhiteTeam "Zugzwang München"]
[BlackTeam "Werder Bremen"]

{[%evp 18,96,43,38,41,40,45,13,22,29,35,16,43,50,71,53,86,31,104,100,104,72,86,74,81,77,72,76,46,-21,-25,-22,-18,-16,-21,-32,-37,-27,-18,-40,-41,-29,0,-86,-80,-93,-92,-115,-110,-98,-65,-64,-56,-76,-20,-35,-18,-22,-8,-41,-26,-40,-3,-4,-1,-3,-7,-6,0,-259,-229,-226,-243,-902,-897,-1427,-1368,-1569,-1497,-1491,-1476]} 1. d4 Nf6 2. c4 d6 3. g3 e5 4. Bg2 Be7 5. Nf3 Nbd7 6. O-O O-O 7. Nc3 c6 8. e4 a6 9. a4 a5 10. h3 {LiveBook: 85 Games} b6 11. Be3 Qc7 12. Ne1 {White is slightly better.} Ba6 13. b3 Rad8 14. Rc1 Rfe8 15. Nc2 Bf8 16. Re1 Bb7 {[#]} 17. Qd2 (17. d5 $1 $16) 17... Qb8 (17... exd4 $14 18. Nxd4 Nc5) 18. d5 $16 cxd5 19. exd5 Qc8 20. Rb1 Ba6 21. g4 Nc5 22. Bg5 Be7 {[%cal Bf8e7,Be7g5,Bg5h6,Bh6g7][%mdl 32]} 23. Ne3 (23. b4 $14 axb4 24. Nxb4 (24. Rxb4 Qc7 $11)) 23... Nfe4 $1 $11 24. Nxe4 Nxe4 25. Bxe4 Bxg5 26. Qd3 g6 27. Ng2 Rf8 28. Qg3 Qd7 29. h4 Bh6 30. f4 {[#]} (30. g5 $11 Bg7 31. h5) 30... exf4 $1 $17 31. Nxf4 Bc8 32. Bf3 Bg7 33. Qf2 Qc7 34. Nd3 h6 35. Re2 f5 (35... Rde8 $17 {And now ...Rxe2 would win.} 36. Rbe1 Rxe2 37. Rxe2 Qd8) 36. g5 $11 hxg5 37. hxg5 f4 38. Qh4 Bf5 39. Rd1 Bd4+ 40. Kg2 Be3 {...Rd7 is the strong threat.} 41. Rh1 ({Not} 41. Nxf4 $2 Bxf4 42. Rh1 Qg7 $19) 41... Qg7 $36 {[%mdl 2048] Black is pushing.} 42. Nf2 $1 Kf7 {Threatens to win with ...Rh8.} 43. Ne4 $2 {[%mdl 8192]} (43. Ng4 $11) 43... Rfe8 44. Nf6 Rh8 45. Qe1 $2 (45. Qh7 Rxh7 46. Rxh7 Qxh7 47. Nxh7) 45... Rxh1 $19 {Black is clearly winning.} 46. Kxh1 Rh8+ 47. Rh2 Rxh2+ 48. Kxh2 Qh8+ 0-1